| 000 | 00923nam0a22002651 4500 | ||
|---|---|---|---|
| 001 | RU\NLR\INFOCOMM_190\5000062720 | ||
| 005 | 20250613094615.0 | ||
| 035 | _a(NLR Aleph) 009268009 | ||
| 090 |
_a9084312 _c9084312 |
||
| 100 | _a20100825d1980 |||y0rusy50 ca | ||
| 101 | 1 |
_aeng _crus |
|
| 102 | _aRU | ||
| 105 | _aa ||||000|y | ||
| 200 | 1 |
_aThe adventures of Dennis _fVictor Dragunsky _g[Transl. from the Russ. by Fainna Glagoleva _gDes. by Yuri Ivanov] |
|
| 210 |
_aΜ. _cProgress _d1980 |
||
| 215 |
_a237 с. _cцв. ил. _d22 см |
||
| 300 | _aНа обороте тит. л.: Денискины рассказы / В. Драгунский | ||
| 686 |
_aДл215 _2rubbk |
||
| 700 | 1 |
_9z01790 _aDragunskij _bV. J. _f1913-1972 _gViktor Juzefovič _4070 |
|
| 790 | 1 |
_9z01700 _aDragunsky _bV. _gVictor _4070 |
|
| 801 | 1 |
_aRU _bNLR _c20100825 |
|
| 801 | 0 |
_aRU _bNLR _gPSBO |
|
| 852 |
_aNLR _jДл01 Д-5/178 |
||
| 942 | _cBOOK | ||
| 980 | _aNB | ||